Mirror world. II., Citadela /
Román žánru LitRPG. Hrdina si vydělává prací ve virtuální realitě, aby zachránil svou dceru.
Uloženo v:
| Série: | Mirror world,
část 2 |
|---|---|
| Hlavní autor: | |
| Další autoři: | |
| Médium: | E-kniha |
| Jazyk: | Czech |
| Vydáno: |
Ostrava :
Fantom Print,
2022
|
| Vydání: | 1. vydání |
| Témata: | |
| Příbuzné jednotky: | Název anglického překladu::
Citadel Z cyklu:: Mirror world |
| Tagy: |
Žádné tagy |
| LEADER | 02402nam a2200481 i 4500 | ||
|---|---|---|---|
| 001 | 311671 | ||
| 003 | CZ PrSKC | ||
| 005 | 20260601215709.0 | ||
| 007 | ta | ||
| 008 | 221004s2022 xr g 000 f cze | ||
| 015 | |a cnb003461594 | ||
| 020 | |a 9788075941190 |q (brožováno) | ||
| 035 | |a (OCoLC)1354196153 | ||
| 040 | |a ABG001 |b cze |d BOA001 |e rda | ||
| 041 | 1 | |a cze |k eng |h rus | |
| 072 | 7 | |a 821.161.1 |x Ruská literatura, rusky psaná |2 Konspekt | |
| 080 | |a 821.161.1-31 |2 MRF | ||
| 080 | |a (0:82-311.9) |2 MRF | ||
| 100 | 1 | |a Osadčuk, Alexej, |d 1979- |7 xx0273768 |4 aut | |
| 240 | 1 | 0 | |a Citadel‘. |l Česky |
| 245 | 1 | 0 | |a Mirror world. |n II., |p Citadela / |c Alexej Osadčuk ; překlad Jan Benda |
| 246 | 3 | 0 | |a Citadela |
| 250 | |a 1. vydání | ||
| 264 | 1 | |a Ostrava : |b Fantom Print, |c 2022 | |
| 300 | |a 351 stran ; |c 21 cm | ||
| 336 | |a text |b txt |2 rdacontent | ||
| 337 | |a bez média |b n |2 rdamedia | ||
| 338 | |a svazek |b nc |2 rdacarrier | ||
| 500 | |a Přeloženo z anglického překladu ruského originálu | ||
| 520 | 2 | |a Román žánru LitRPG. Hrdina si vydělává prací ve virtuální realitě, aby zachránil svou dceru. |b Oleg po hrdinských skutcích neprahl ani v nejmenším. O zapomenuté znalosti se nezajímal a rozhodně netoužil po vzrušení. Jemu podobní lidé neměli v Mirror Worldu co pohledávat. Přesto si do virtuálního světa cestu našel. Reflex Bank, která mu poskytla půjčku na uhrazení léčby nemocné dcery, mu nedala jinou možnost, a proto se stane ochráncem Maragarské citadely ať chce, nebo nechce. Nakladatelská anotace. Kráceno. | |
| 546 | |a Český text | ||
| 655 | 7 | |a rusky psané romány |7 fd227906 |2 czenas | |
| 655 | 7 | |a vědecko-fantastické romány |7 fd133847 |2 czenas | |
| 655 | 9 | |a fiction in Russian |2 eczenas | |
| 655 | 9 | |a science fiction novels |2 eczenas | |
| 700 | 1 | |a Benda, Jan |7 ola20191051181 |4 trl | |
| 765 | 0 | 8 | |i Název anglického překladu: |t Citadel |
| 787 | 0 | 8 | |i Z cyklu: |t Mirror world |g 2 |
| 900 | |a ABA001 |b 21 | ||
| 044 | |a xr | ||
| 910 | |a RBIT002 | ||
| 998 | |d 360478 |a https://core.palmknihy.cz/api/books/360478/cover?rijwh0 |b https://core.palmknihy.cz/api/books/360478/cover/400?rijwh0 |c https://core.palmknihy.cz/api/books/360478/cover/50?rijwh0 |e 2026-11-11 |g 352 |i 9788075941190 |j https://core.palmknihy.cz/api/books/360478/preview.epub |l |q 49 |r 1 |s https://www.palmknihy.cz/kniha/360478 |t ebook |y 2022 |z 0 |v Mirror World |w 2 | ||
| 999 | |d 311669 | ||